Statistics for The Multiverse Spidermen Quiz

Click here to take the quiz!

General Stats

  • This quiz has been taken 39 times
  • The average score is 5 of 6

Answer Stats

TextAnswer% Correct
Wears black and red,younger and is a different raceSpider-Man(Miles Morales)
94%
OriginalSpider-Man(Peter Parker)
94%
Miguel O’HaraSpider-Man 2099
89%
A cartoon version of Spider-ManSpider-Ham
83%
Wears black and white,wears a hat,coat and bootsSpider-Man Noir
80%
Instead of Peter being bitten,it was-Spider-Woman(Gwen Stacy)
74%

Score Distribution

Percentile by Number Answered

Percent of People with Each Score

Your Score History

You have not taken this quiz